| 000 | 00547nam a22001697a 4500 | ||
|---|---|---|---|
| 999 |
_c13414 _d13414 |
||
| 003 | AR-CdUCM | ||
| 008 | 190415b ||||| |||| 00| 0 spa d | ||
| 040 |
_aMUNICIPALIDAD PROVINCIAL DEL CUSCO _cBIBLIOTECA MUNICIPAL DEL CUSCO |
||
| 082 |
_a869.56 / _bM23 |
||
| 100 |
_aMata Ordoñez, Gonzalo Humberto _927010 |
||
| 245 |
_aIleana Espinel : _b"Jose Maria Egas, El Laurel Angélico" / |
||
| 260 |
_aCuenca-Ecuador : _c1965. |
||
| 300 |
_a43 páginas ; _c16cm |
||
| 505 | _aContenido: Artículo | ||
| 942 |
_2ddc _cLIBROS |
||
| 945 |
_anom _d2019-04-15 |
||